000 00723nam a2200217Ia 4500
005 20250508150240.0
008 008 250505s9999 xx 000 0 eng d
037 _aTextual
040 _aFEDL
_beng
_cFEDL
041 _aeng
_2eng
084 _a155.45, GEN
_qFEDL
100 _aBurks Barbara Stoddard
_9756234
245 0 _aGenetic studies of genius. V 3. Promise of youth : Follow - up studies of a thousand gifted children
260 _aStanford
_bStanford Univeristy Press
_c1930
300 _axii,508p
490 _aGenetic studies of genius
650 _aChild psychology
700 _a Jensen Dortha Williams Terman Lewis M
_9756235
942 _cTEXL
_h155.45, GEN
999 _c1322627
_d1322627